The Panjab,north-west frontier province and Kashmir / (Record no. 130105)

MARC details
000 -LEADER
fixed length control field 00682nam a22002297a 4500
005 - DATE AND TIME OF LATEST TRANSACTION
control field 20170124110107.0
010 ## - LIBRARY OF CONGRESS CONTROL NUMBER
LC control number 737973
020 ## - INTERNATIONAL STANDARD BOOK NUMBER
Terms of availability 00.00
035 ## - SYSTEM CONTROL NUMBER
System control number 737973
037 ## - SOURCE OF ACQUISITION
Source of stock number/acquisition Cen Lib/Ret
040 ## - CATALOGING SOURCE
Original cataloging agency DPL
Language of cataloging EN
082 ## - DEWEY DECIMAL CLASSIFICATION NUMBER
Classification number 954.1
Item number DOU
100 ## - MAIN ENTRY--PERSONAL NAME
Personal name Douie, Sir James
9 (RLIN) 28302
245 ## - TITLE STATEMENT
Title The Panjab,north-west frontier province and Kashmir /
Statement of responsibility, etc by Sir James Douie
260 ## - PUBLICATION, DISTRIBUTION, ETC. (IMPRINT)
Place of publication, distribution, etc Delhi
Name of publisher, distributor, etc Seema Publications
Date of publication, distribution, etc 1974
270 ## - ADDRESS
City Delhi
Address C-3/19, R.P.Bagh
Postal code 110007
300 ## - PHYSICAL DESCRIPTION
Extent xiv,373p. :
Dimensions 20cm(Hb)
Other physical details ill.
500 ## - GENERAL NOTE
General note Includes index
650 ## - SUBJECT ADDED ENTRY--TOPICAL TERM
Topical term or geographic name as entry element Punjab (India)
9 (RLIN) 28303
650 ## - SUBJECT ADDED ENTRY--TOPICAL TERM
Topical term or geographic name as entry element Khyber Pakhtunkhwa (Pakistan)
9 (RLIN) 28304
942 ## - ADDED ENTRY ELEMENTS (KOHA)
Source of classification or shelving scheme Dewey Decimal Classification
Koha item type English Books
Classification part 954.1
Call number suffix DOU
Holdings
Withdrawn status Lost status Damaged status Not for loan Home library Current library Date acquired Source of acquisition Cost, normal purchase price Total Checkouts Full call number Barcode Date last seen Copy number Cost, replacement price Price effective from Koha item type
        Central Library Central Library 08/07/2015 Cen Lib/Ret 0.00   954.1 DOU 737973 08/07/2015 1 0.00 08/07/2015 English Books

© Delhi Public Library
Hit Counter
free hit counter